000 00701nam a2200181Ii 4500
003 JO-AjNU
008 230605s9999||||xx |||||||||||||| ||und||
040 _aJO-AjNU
_bara
_erda
_cJO-AjNU
041 _aara
050 1 4 _aKRM2684.S5264.1987
100 3 _aالشواربى ، عبد الحميد,
_eauthor
_915771
245 0 0 _aالمشكلات العملية لتشريعات أمن الدولة الجزئية : جرائم التموين والتسعير الجبرى ، جرائم الإسكان
264 3 1 _aالقاهرة : دار الفكر العربى ، 1987
300 _a388ص
336 _atext
_btxt
_2rdacontent
337 _aunmediated
_bn
_2rdamedia
338 _avolume
_bnc
_2rdacarrier
999 _aA4531
_c8099
_d8099